Skrytý poklad daní a odvodov
Obdobie finančných kríz núti národné vlády hľadať vnútorné limity daňových príjmov. Jedným z týchto fiškálnych zdrojov je aj eliminácia falošných živnostníkov, ktorí znižujú daňovo-odvodové príjmy štátu. Dôvody a vplyvy existencie falošných živnostníkov. Počet a kontrola falošných živnostníkov. Fišk...
Salvato in:
| Autore principale: | |
|---|---|
| Natura: | Capitolo di libro |
| Lingua: | slovacco |
| Soggetti: | |
| Tags: |
Nessun Tag, puoi essere il primo ad aggiungerne!!
|
MARC
| LEADER | 00000naa a2200000 4500 | ||
|---|---|---|---|
| 001 | 0286681 | ||
| 005 | 20240502074417.5 | ||
| 041 | 0 | |a slo | |
| 044 | |a SK | ||
| 245 | 1 | 0 | |a Skrytý poklad daní a odvodov |c Jakub Zeman |
| 520 | |a Obdobie finančných kríz núti národné vlády hľadať vnútorné limity daňových príjmov. Jedným z týchto fiškálnych zdrojov je aj eliminácia falošných živnostníkov, ktorí znižujú daňovo-odvodové príjmy štátu. Dôvody a vplyvy existencie falošných živnostníkov. Počet a kontrola falošných živnostníkov. Fiškálne vplyvy falošných živnostníkov. | ||
| 610 | 2 | 0 | |a dane |
| 610 | 2 | 0 | |a odvody |
| 610 | 2 | 0 | |a živnostníci |
| 610 | 2 | 0 | |a podnikatelia |
| 610 | 2 | 0 | |a vzťahy pracovnoprávne |
| 610 | 2 | 0 | |a regulácia |
| 100 | 1 | |a Zeman, Jakub, 1995- | |